000 00357nam a22001337a 4500
020 _qPB.
040 _cFIZZA ISHAQ
082 _a158
_bRIC
100 _aCARLSON,RICHARD.
_9132723
245 _aSLOWING DOWN TO THE SPEED OF LIFE /
_cRICHARD CARLSON.
260 _aNEW YORK;
_bHARPER SAN FRANCISCO,
_c1997.
300 _a211 P. ;
_c7.9X5.1IN
942 _2ddc
_cBK
999 _c615778
_d615778